000 005050000a22001570004500
003 MACL
005 20180223122301.0
008 180223b xxu||||| |||| 00| 0 eng d
040 _cmacl
100 _aदीक्षित,राजेश
_970570
245 _aअमर शहीद चन्‍द्रशेखर आजाद
260 _bसाहित्‍य संस्‍थान
_c2005
350 _a25
650 _aबाल साहित्‍य
_955186
942 _cHIN
_k741.642
_2ddc
999 _c21941
_d21941